00673nam a2200241 a 4500001001300000003000900013005001700022008004100039020001000080082001700090100002100107245002800128260003600156300001000192500003500202505000900237650001700246700002100263902000800284942000700292952011700299999001500416nice12345678IN_TiNIC20260116011810.0050524s1870 laha grp 000 0 urd  ac10000a297.09bKHA2 aKhan, Syed Ahmed aAl-Khutbat-Al-Ahmadiaya aLahorebMatba Noolkishorec1870 a752p. aincludes index and biblioraphy2 aill. aIslam-Origin1 aKhan, Syed Ahmed bSRS cBK 001040708StackRoom-aHMIbHMId2007-07-25g100.00l0o297.09 KHA2p06222r2007-07-25v100.00w2005-05-24yBK c4059d4059